Datum a čas kvízu
28.5
Celkem bodů
Celkový počet nahraných bodů na tomto kvízu bez doplňovacích otázek.
9.
Pořadí na kvízu
Konečné umístění týmu na tomto kvízu.
Zaznamenané odpovědi
| # | Otázka | Odpověď | Body | Výsledky |
|---|---|---|---|---|
| 1. | Prezidentské volby vyhrál o ví... | Karlovarský, Ústecký, Moravskoslezský | 1 | |
| 2. | Novým premiérem jedné země se... | Nový Zéland | 1 | |
| 3. | Americká Akademie filmového um... | B) Všechno, všude, najednou | 1 | |
| 4. | Minulý týden se k planetě Zemi... | Neandertálská kometa | 0 | |
| 5. | Barbora Krejčíková a Kateřina... | 7. titul (6. a 8. za půl bodu) | 1 | |
| 6. | Toto jsou tři podoby jednoho z... | Carlos, Šakal | 0 | |
| 7. | Koncem 70. let vznikla ve Velk... | Sex Pistols | 1 | |
| 8. | Jak si říká tento nizozemský D... | Tiësto | 0 | |
| 9. | Přezdívky mají i státy USA. Do... | 1B 2A 3C 4D | 1 | |
| 10. | I mnozí sportovci si dávají př... | Kaká | 1 |